[Event "GMA"]
[Site "Bermuda BER"]
[Date "2002.01.27"]
[Round "6"]
[White "Lesiege, Alexandre"]
[Black "Ernst, Sipke"]
[Result "1-0"]
[WhiteElo "2572"]
[BlackElo "2459"]
[WhiteFideId "-1"]
[WhiteFideId "-1"]
[PlyCount "49"]
[GameId "2129405144546108"]
[EventDate "2002.01.21"]
[EventType "tourn"]
[EventRounds "9"]
[EventCountry "BER"]
[EventCategory "10"]
[SourceTitle "The Week in Chess 377"]
[Source "Mark Crowther"]
[SourceDate "2002.01.28"]
[SourceVersion "1"]
[SourceVersionDate "2002.01.28"]
[SourceQuality "2"]

1. d4 Nf6 2. c4 e6 3. Nc3 Bb4 4. e3 O-O 5. Bd3 d5 6. Nf3 Nc6 7. O-O a6 8. a3 dxc4 9. Bxc4 Bd6 10. h3 e5 11. Ba2 Bf5 12. dxe5 Nxe5 13. Nd4 Bd7 14. e4 Nc6 15. Nf3 Re8 16. Ng5 Re7 17. f4 Bc5+ 18. Kh1 Be8 19. e5 Rd7 20. Qe1 h6 21. exf6 hxg5 22. fxg5 Bd4 23. g6 Rd6 24. Qh4 Rxf6 25. Bg5 1-0

[Event "GMA"]
[Site "Bermuda BER"]
[Date "2002.01.28"]
[Round "7"]
[White "Handke, Florian"]
[Black "Lesiege, Alexandre"]
[Result "0-1"]
[WhiteElo "2450"]
[BlackElo "2572"]
[WhiteFideId "-1"]
[WhiteFideId "-1"]
[PlyCount "50"]
[GameId "2129405144546114"]
[EventDate "2002.01.21"]
[EventType "tourn"]
[EventRounds "9"]
[EventCountry "BER"]
[EventCategory "10"]
[SourceTitle "The Week in Chess 378"]
[Source "Mark Crowther"]
[SourceDate "2002.02.04"]
[SourceVersion "1"]
[SourceVersionDate "2002.02.04"]
[SourceQuality "2"]

1. e4 c5 2. Nf3 d6 3. d4 cxd4 4. Nxd4 Nf6 5. Nc3 a6 6. Be2 e6 7. Be3 Be7 8. Qd2 O-O 9. O-O-O Nc6 10. f4 Nxd4 11. Bxd4 b5 12. Bf3 b4 13. Ne2 e5 14. Be3 a5 15. Kb1 Qc7 16. Ng3 Bb7 17. Nf5 Nxe4 18. Qd3 Nf6 19. Bxb7 Qxb7 20. fxe5 dxe5 21. Bg5 Kh8 22. Qg3 Ne4 23. Qxe5 Nc3+ 24. Ka1 f6 25. Qg3 fxg5 0-1

[Event "GMA"]
[Site "Bermuda BER"]
[Date "2002.01.29"]
[Round "8"]
[White "Lesiege, Alexandre"]
[Black "Macieja, Bartlomiej"]
[Result "1-0"]
[WhiteElo "2572"]
[BlackElo "2612"]
[WhiteFideId "-1"]
[WhiteFideId "-1"]
[PlyCount "53"]
[GameId "2129405144546119"]
[EventDate "2002.01.21"]
[EventType "tourn"]
[EventRounds "9"]
[EventCountry "BER"]
[EventCategory "10"]
[SourceTitle "The Week in Chess 378"]
[Source "Mark Crowther"]
[SourceDate "2002.02.04"]
[SourceVersion "1"]
[SourceVersionDate "2002.02.04"]
[SourceQuality "2"]

1. d4 Nf6 2. c4 e6 3. Nc3 Bb4 4. e3 O-O 5. Bd3 c5 6. Nf3 d5 7. O-O dxc4 8. Bxc4 Nbd7 9. a3 cxd4 10. axb4 dxc3 11. bxc3 Qc7 12. Be2 Qxc3 13. Ba3 e5 14. Qb1 Qc7 15. Rc1 Qb8 16. b5 Re8 17. Rd1 b6 18. Bd6 Qb7 19. Ng5 h6 20. Nxf7 Kxf7 21. Bc4+ Re6 22. Qf5 Nb8 23. Bd5 Qd7 24. Bxe5 Bb7 25. Bb3 Qe7 26. Rac1 Nbd7 27. Bxf6 1-0

[Event "GMA"]
[Site "Bermuda BER"]
[Date "2002.01.30"]
[Round "9"]
[White "Vuckovic, Bojan"]
[Black "Lesiege, Alexandre"]
[Result "1/2-1/2"]
[WhiteElo "2455"]
[BlackElo "2572"]
[WhiteFideId "-1"]
[WhiteFideId "-1"]
[PlyCount "105"]
[GameId "2129405144546127"]
[EventDate "2002.01.21"]
[EventType "tourn"]
[EventRounds "9"]
[EventCountry "BER"]
[EventCategory "10"]
[SourceTitle "The Week in Chess 378"]
[Source "Mark Crowther"]
[SourceDate "2002.02.04"]
[SourceVersion "1"]
[SourceVersionDate "2002.02.04"]
[SourceQuality "2"]

1. e4 c5 2. Nf3 d6 3. d4 cxd4 4. Nxd4 Nf6 5. Nc3 a6 6. Bg5 e6 7. f4 Nbd7 8. Bc4 Qb6 9. Qd2 Qxb2 10. O-O Qb4 11. Bb3 Be7 12. Rad1 Nc5 13. Qe1 Bd7 14. e5 Nxb3 15. Nxb3 Rc8 16. exf6 gxf6 17. Bxf6 Bxf6 18. Nd5 Qxe1 19. Nxf6+ Ke7 20. Nd5+ exd5 21. Rfxe1+ Kf8 22. Rxd5 Rxc2 23. Rxd6 Bc6 24. Rd2 Rxd2 25. Nxd2 Kg7 26. Kf2 Bd5 27. a3 Rd8 28. Nf3 Rc8 29. Re5 Rc2+ 30. Ke3 Ba2 31. Rg5+ Kf6 32. Kd3 Rc4 33. Nd4 Ra4 34. Rf5+ Kg7 35. Rg5+ Kf8 36. f5 Rxa3+ 37. Ke4 f6 38. Rh5 Kg8 39. g4 Bf7 40. Rh6 Kg7 41. g5 fxg5 42. Rb6 Ra1 43. Ne6+ Bxe6 44. fxe6 Kf6 45. e7+ Kxe7 46. Rxb7+ Kf6 47. Rb6+ Ke7 48. Kf5 Ra5+ 49. Kg4 Kd7 50. Rh6 Kc8 51. Kh5 Kb8 52. Kg4 Kc8 53. Rh5 1/2-1/2

[Event "CAN-ch playoff-1"]
[Site "Montreal CAN"]
[Date "2001.08.29"]
[Round "1"]
[White "Lesiege, Alexandre"]
[Black "Spraggett, Kevin"]
[Result "1/2-1/2"]
[WhiteElo "2564"]
[BlackElo "2531"]
[WhiteFideId "-1"]
[WhiteFideId "-1"]
[PlyCount "216"]
[GameId "2160767911546899"]
[EventDate "2001.08.29"]
[EventType "match (rapid)"]
[EventRounds "2"]
[EventCountry "CAN"]
[SourceTitle "The Week in Chess 356"]
[Source "Mark Crowther"]
[SourceDate "2001.03.09"]
[SourceVersion "2"]
[SourceVersionDate "2001.03.09"]
[SourceQuality "2"]

1. d4 f5 2. c4 Nf6 3. g3 g6 4. Bg2 Bg7 5. Nc3 O-O 6. Nh3 Nc6 7. O-O d6 8. Nf4 Bd7 9. d5 Ne5 10. b3 c5 11. Bb2 a6 12. Ne6 Bxe6 13. dxe6 Rb8 14. Nd5 Nxd5 15. Bxd5 b5 16. cxb5 axb5 17. a4 bxa4 18. Rxa4 Nf3+ 19. exf3 Bxb2 20. Kg2 Bf6 21. h4 Rb4 22. Rxb4 cxb4 23. h5 g5 24. Qd2 Qb6 25. Rc1 h6 26. Rc4 Bc3 27. Qd3 Qa5 28. g4 Kg7 29. gxf5 Bf6 30. f4 Rb8 31. fxg5 hxg5 32. h6+ Kh7 33. Qf3 Rg8 34. Qe4 Rb8 35. Bb7 Kh8 36. Qf3 Qb6 37. Bc8 Qb5 38. h7 Qe5 39. Rc1 Qf4 40. Qxf4 gxf4 41. Kf3 Kxh7 42. Kxf4 Rb5 43. Bd7 Re5 44. Rc4 Re2 45. Rxb4 Rxf2+ 46. Ke4 Be5 47. Rb8 Rf4+ 48. Kd5 Rxf5 49. b4 Rf4 50. b5 Rd4+ 51. Kc6 Rc4+ 52. Kb7 d5 53. Rf8 Bd6 54. Bc6 d4 55. Rd8 Bc5 56. Kc7 Kg7 57. Rd5 Kf6 58. b6 Bxb6+ 59. Kxb6 Kxe6 60. Kb5 Rc1 61. Rxd4 Kf5 62. Bd7+ Ke5 63. Rd2 Kf4 64. Be6 Re1 65. Bc4 e5 66. Kc5 e4 67. Kd4 e3 68. Ra2 Rd1+ 69. Bd3 Kf3 70. Re2 Kf4 71. Rxe3 Ra1 72. Re8 Ra4+ 73. Bc4 Kg5 74. Rg8+ Kf6 75. Rf8+ Kg7 76. Rf2 Kg6 77. Kd5 Ra5+ 78. Ke6 Kg5 79. Bd5 Kg4 80. Ke5 Kg3 81. Rg2+ Kh3 82. Rg7 Kh4 83. Rg1 Kh5 84. Rg2 Kh6 85. Ke6 Kh5 86. Rg8 Kh4 87. Ke5 Kh5 88. Ke4 Kh4 89. Rg6 Kh5 90. Bf7 Ra4+ 91. Kf3 Ra3+ 92. Kg2 Ra2+ 93. Kh3 Ra7 94. Be8 Ra8 95. Re6+ Kg5 96. Kg3 Ra3+ 97. Kf2 Kf4 98. Rb6 Ke5 99. Bg6 Rc3 100. Ke2 Rg3 101. Bd3 Rh3 102. Kd2 Rh4 103. Rb5+ Kd6 104. Ke3 Kc6 105. Rg5 Kb6 106. Be4 Ka6 107. Kd4 Kb6 108. Rg6+ Kc7 1/2-1/2

[Event "CAN-ch playoff-1"]
[Site "Montreal CAN"]
[Date "2001.08.29"]
[Round "2"]
[White "Spraggett, Kevin"]
[Black "Lesiege, Alexandre"]
[Result "1/2-1/2"]
[WhiteElo "2531"]
[BlackElo "2564"]
[WhiteFideId "-1"]
[WhiteFideId "-1"]
[PlyCount "64"]
[GameId "2160767911546900"]
[EventDate "2001.08.29"]
[EventType "match (rapid)"]
[EventRounds "2"]
[EventCountry "CAN"]
[SourceTitle "The Week in Chess 356"]
[Source "Mark Crowther"]
[SourceDate "2001.03.09"]
[SourceVersion "2"]
[SourceVersionDate "2001.03.09"]
[SourceQuality "2"]

1. e4 c5 2. Nf3 d6 3. d4 cxd4 4. Nxd4 Nf6 5. Nc3 a6 6. Be2 e6 7. O-O Be7 8. f4 O-O 9. a4 Nc6 10. Be3 Qc7 11. Kh1 Re8 12. Bd3 Bd7 13. Qe1 Nb4 14. a5 Bc6 15. Qg3 Bf8 16. Nf3 Nd7 17. Bd4 f6 18. Bg1 Nc5 19. Nd4 Nbxd3 20. cxd3 e5 21. Nf5 Ne6 22. fxe5 dxe5 23. Ne3 Nf4 24. Nc4 Bb4 25. Bb6 Qd7 26. Rad1 Qe6 27. Na2 Bf8 28. b3 f5 29. Nc3 Bb4 30. Na2 Bf8 31. Nc3 Bb4 32. Na2 Bf8 1/2-1/2

[Event "CAN-ch"]
[Site "Montreal CAN"]
[Date "2001.08.21"]
[Round "1"]
[White "Lesiege, Alexandre"]
[Black "Gurevich, Artjom"]
[Result "1-0"]
[WhiteElo "2564"]
[BlackElo "2197"]
[WhiteFideId "-1"]
[WhiteFideId "-1"]
[PlyCount "67"]
[GameId "2160767911546906"]
[EventDate "2001.08.21"]
[EventType "swiss"]
[EventRounds "9"]
[EventCountry "CAN"]
[SourceTitle "EXT 2002"]
[Source "ChessBase"]
[SourceDate "2001.11.25"]
[SourceVersion "1"]
[SourceVersionDate "2001.11.25"]
[SourceQuality "1"]

1. d4 Nf6 2. c4 e6 3. Nc3 Bb4 4. e3 b6 5. Nge2 Ba6 6. a3 Bxc3+ 7. Nxc3 d5 8. b3 O-O 9. Be2 Nc6 10. a4 Nb4 11. O-O c5 12. Bb2 Qe7 13. dxc5 bxc5 14. cxd5 Bxe2 15. d6 Bxd1 16. dxe7 Rfe8 17. Rfxd1 Rxe7 18. Nb5 a6 19. Nd6 Ne8 20. Rac1 Nxd6 21. Rxd6 Rb7 22. Rxc5 h6 23. h3 Na2 24. Rd3 f6 25. Ba3 e5 26. Rd2 Nb4 27. e4 Re8 28. Rc4 Reb8 29. a5 Kf7 30. Rd6 Kg6 31. f3 h5 32. Bxb4 Rxb4 33. Rxb4 Rxb4 34. Rb6 1-0

[Event "CAN-ch"]
[Site "Montreal CAN"]
[Date "2001.08.22"]
[Round "2"]
[White "Bluvshtein, Mark"]
[Black "Lesiege, Alexandre"]
[Result "1/2-1/2"]
[WhiteElo "2303"]
[BlackElo "2564"]
[WhiteFideId "-1"]
[WhiteFideId "-1"]
[PlyCount "33"]
[GameId "2160767911546916"]
[EventDate "2001.08.21"]
[EventType "swiss"]
[EventRounds "9"]
[EventCountry "CAN"]
[SourceTitle "The Week in Chess 355"]
[Source "Mark Crowther"]
[SourceDate "2001.08.27"]
[SourceVersion "1"]
[SourceVersionDate "2001.08.27"]
[SourceQuality "2"]

1. d4 d5 2. c4 c6 3. cxd5 cxd5 4. Nc3 Nc6 5. Nf3 Nf6 6. Bf4 a6 7. e3 Bg4 8. Be2 e6 9. O-O Bd6 10. Bxd6 Qxd6 11. Na4 Bxf3 12. Bxf3 Nd7 13. Rc1 O-O 14. Nc5 Nxc5 15. Rxc5 Rac8 16. Qc2 Na7 17. Rc1 1/2-1/2

[Event "CAN-ch"]
[Site "Montreal CAN"]
[Date "2001.08.22"]
[Round "3"]
[White "Lesiege, Alexandre"]
[Black "Milicevic, Dragoljub"]
[Result "1-0"]
[WhiteElo "2564"]
[BlackElo "2269"]
[WhiteFideId "-1"]
[WhiteFideId "-1"]
[PlyCount "104"]
[GameId "2160767911546935"]
[EventDate "2001.08.21"]
[EventType "swiss"]
[EventRounds "9"]
[EventCountry "CAN"]
[SourceTitle "The Week in Chess 355"]
[Source "Mark Crowther"]
[SourceDate "2001.08.27"]
[SourceVersion "1"]
[SourceVersionDate "2001.08.27"]
[SourceQuality "2"]

1. d4 d6 2. Nf3 f5 3. g3 g6 4. Bg2 Bg7 5. O-O Nf6 6. c4 O-O 7. Nc3 c6 8. b3 h6 9. Bb2 Qe8 10. d5 c5 11. Ne1 a6 12. Nd3 g5 13. e4 fxe4 14. Nxe4 Nxe4 15. Bxg7 Kxg7 16. Bxe4 Bh3 17. Re1 Nd7 18. Re3 Nf6 19. Bg2 Bg4 20. f3 Bf5 21. Qe2 Ng8 22. Nf2 Qg6 23. Re1 Rae8 24. Bh3 Bxh3 25. Nxh3 Rf6 26. Nf2 h5 27. Ne4 Rf5 28. g4 Re5 29. Ng3 Rxe3 30. Qxe3 h4 31. Nf5+ Kf8 32. Qd2 e5 33. dxe6 Rxe6 34. Rxe6 Qxe6 35. Qxd6+ Kf7 36. Qc7+ Ne7 37. Kf2 b5 38. h3 bxc4 39. bxc4 a5 40. Qxe7+ Qxe7 41. Nxe7 Kxe7 42. f4 Kf6 43. f5 a4 44. Ke3 Ke7 45. Kd3 Kd7 46. Kc3 Kd6 47. Kb2 Ke5 48. Ka3 Kf4 49. f6 Kg3 50. f7 Kxh3 51. f8=Q Kxg4 52. Qxc5 h3 1-0

[Event "CAN-ch"]
[Site "Montreal CAN"]
[Date "2001.08.23"]
[Round "4"]
[White "Spraggett, Kevin"]
[Black "Lesiege, Alexandre"]
[Result "1/2-1/2"]
[WhiteElo "2531"]
[BlackElo "2564"]
[WhiteFideId "-1"]
[WhiteFideId "-1"]
[PlyCount "29"]
[GameId "2160767911546959"]
[EventDate "2001.08.21"]
[EventType "swiss"]
[EventRounds "9"]
[EventCountry "CAN"]
[SourceTitle "The Week in Chess 355"]
[Source "Mark Crowther"]
[SourceDate "2001.08.27"]
[SourceVersion "1"]
[SourceVersionDate "2001.08.27"]
[SourceQuality "2"]

1. e4 c5 2. Nf3 d6 3. Bc4 Nf6 4. d3 Nc6 5. c3 g6 6. Nbd2 Bg7 7. O-O O-O 8. Bb3 d5 9. Re1 e6 10. h3 Qc7 11. Nf1 dxe4 12. dxe4 b6 13. Qe2 Bb7 14. Bc2 e5 15. N3h2 1/2-1/2

[Event "CAN-ch"]
[Site "Montreal CAN"]
[Date "2001.08.24"]
[Round "5"]
[White "Lesiege, Alexandre"]
[Black "Gaspariants, Vladimir"]
[Result "1-0"]
[WhiteElo "2564"]
[BlackElo "2305"]
[WhiteFideId "-1"]
[WhiteFideId "-1"]
[PlyCount "54"]
[GameId "2160767911546967"]
[EventDate "2001.08.21"]
[EventType "swiss"]
[EventRounds "9"]
[EventCountry "CAN"]
[SourceTitle "The Week in Chess 355"]
[Source "Mark Crowther"]
[SourceDate "2001.08.27"]
[SourceVersion "1"]
[SourceVersionDate "2001.08.27"]
[SourceQuality "2"]

1. d4 Nf6 2. c4 d6 3. Nc3 e5 4. Nf3 Nbd7 5. e4 g6 6. Be2 Bg7 7. O-O O-O 8. Be3 c6 9. d5 c5 10. Ne1 Ne8 11. g4 f5 12. gxf5 gxf5 13. exf5 Nb6 14. Kh1 Bxf5 15. Nf3 Kh8 16. Rg1 Nf6 17. Nh4 Bd7 18. Rg3 Qe7 19. Qg1 Rg8 20. Qg2 Bf8 21. Bg5 Rxg5 22. Rxg5 Bh6 23. Rg6 Bf4 24. Rg1 Qf8 25. Rg7 Re8 26. Bd3 e4 27. Nxe4 Bh6 1-0

[Event "CAN-ch"]
[Site "Montreal CAN"]
[Date "2001.08.25"]
[Round "6"]
[White "Lesiege, Alexandre"]
[Black "Khassanov, Marat"]
[Result "1-0"]
[WhiteElo "2564"]
[BlackElo "2363"]
[WhiteFideId "-1"]
[WhiteFideId "-1"]
[PlyCount "77"]
[GameId "2160767911546978"]
[EventDate "2001.08.21"]
[EventType "swiss"]
[EventRounds "9"]
[EventCountry "CAN"]
[SourceTitle "The Week in Chess 356"]
[Source "Mark Crowther"]
[SourceDate "2001.03.09"]
[SourceVersion "2"]
[SourceVersionDate "2001.03.09"]
[SourceQuality "2"]

1. d4 d5 2. c4 c6 3. Nf3 Nf6 4. Nc3 e6 5. Bg5 dxc4 6. e4 b5 7. e5 h6 8. Bh4 g5 9. Nxg5 hxg5 10. Bxg5 Nbd7 11. g3 Bb7 12. Bg2 Qc7 13. exf6 c5 14. d5 Qe5+ 15. Qe2 O-O-O 16. dxe6 Qxe2+ 17. Kxe2 Bxg2 18. e7 Bxe7 19. fxe7 Rdg8 20. h4 Rg6 21. Nxb5 Re6+ 22. Kd2 Bxh1 23. Rxh1 a6 24. Na3 Ne5 25. Be3 Rxe7 26. Kc3 Rd8 27. Nxc4 f6 28. Nxe5 Rxe5 29. h5 Kd7 30. h6 Ke6 31. Rh4 Kf7 32. Ra4 Re6 33. Rg4 Rc6 34. Kc4 Rb6 35. Rg7+ Ke6 36. b3 Rb4+ 37. Kc3 Rb5 38. Ra7 Kd5 39. a4 1-0

[Event "CAN-ch"]
[Site "Montreal CAN"]
[Date "2001.08.26"]
[Round "7"]
[White "Glinert, Stephen"]
[Black "Lesiege, Alexandre"]
[Result "0-1"]
[WhiteElo "2273"]
[BlackElo "2564"]
[WhiteFideId "-1"]
[WhiteFideId "-1"]
[PlyCount "62"]
[GameId "2160767911546991"]
[EventDate "2001.08.21"]
[EventType "swiss"]
[EventRounds "9"]
[EventCountry "CAN"]
[SourceTitle "The Week in Chess 356"]
[Source "Mark Crowther"]
[SourceDate "2001.03.09"]
[SourceVersion "2"]
[SourceVersionDate "2001.03.09"]
[SourceQuality "2"]

1. e4 c5 2. Nc3 Nc6 3. g3 g6 4. Bg2 Bg7 5. d3 d6 6. f4 e6 7. Nf3 Nge7 8. O-O O-O 9. Be3 Nd4 10. e5 Nef5 11. Bf2 Bd7 12. Ne4 Bc6 13. Nfd2 dxe5 14. fxe5 Bxe5 15. c3 Nb5 16. Nc4 Bg7 17. Bxc5 Ne7 18. Ned6 Bxg2 19. Kxg2 b6 20. Qf3 Nxd6 21. Bxd6 b5 22. Qb7 bxc4 23. Bxe7 Rb8 24. Qxa7 Qd5+ 25. Kg1 Rxb2 26. Rf2 Bxc3 27. dxc4 Bd4 28. cxd5 Bxa7 29. Raf1 Rc8 30. d6 Rxf2 31. Rxf2 Rc2 0-1

[Event "CAN-ch"]
[Site "Montreal CAN"]
[Date "2001.08.27"]
[Round "8"]
[White "Schleifer, Michael"]
[Black "Lesiege, Alexandre"]
[Result "0-1"]
[WhiteElo "2369"]
[BlackElo "2564"]
[WhiteFideId "-1"]
[WhiteFideId "-1"]
[PlyCount "72"]
[GameId "2160767911547018"]
[EventDate "2001.08.21"]
[EventType "swiss"]
[EventRounds "9"]
[EventCountry "CAN"]
[SourceTitle "The Week in Chess 356"]
[Source "Mark Crowther"]
[SourceDate "2001.03.09"]
[SourceVersion "2"]
[SourceVersionDate "2001.03.09"]
[SourceQuality "2"]

1. d4 Nf6 2. c4 e6 3. a3 d5 4. Nc3 dxc4 5. e3 c5 6. Nf3 a6 7. Bxc4 b5 8. Ba2 Bb7 9. O-O Nbd7 10. Qe2 Be7 11. dxc5 Bxc5 12. b4 Bd6 13. Bb2 Qb8 14. h3 O-O 15. Rad1 Rc8 16. Nd4 Ne5 17. f4 Nc4 18. Bxc4 bxc4 19. Qc2 Re8 20. Qe2 Rc8 21. Qc2 Bf8 22. e4 a5 23. b5 Bc5 24. e5 Nd5 25. Nxd5 Bxd5 26. a4 c3 27. Bc1 Qb7 28. Rfe1 Bb6 29. Kh2 Rc4 30. Nc6 Bxc6 31. bxc6 Qxc6 32. Rd6 Qc5 33. Be3 Qxe3 34. Rxe3 Bxe3 35. Qd3 Bxf4+ 36. g3 Rcc8 0-1

[Event "CAN-ch"]
[Site "Montreal CAN"]
[Date "2001.08.28"]
[Round "9"]
[White "Lesiege, Alexandre"]
[Black "Hamilton, Robert"]
[Result "1-0"]
[WhiteElo "2564"]
[BlackElo "2307"]
[WhiteFideId "-1"]
[WhiteFideId "-1"]
[PlyCount "71"]
[GameId "2160767911547029"]
[EventDate "2001.08.21"]
[EventType "swiss"]
[EventRounds "9"]
[EventCountry "CAN"]
[SourceTitle "The Week in Chess 356"]
[Source "Mark Crowther"]
[SourceDate "2001.03.09"]
[SourceVersion "2"]
[SourceVersionDate "2001.03.09"]
[SourceQuality "2"]

1. d4 Nf6 2. c4 g6 3. Nc3 Bg7 4. e4 d6 5. Nf3 O-O 6. h3 c5 7. d5 e6 8. Bd3 exd5 9. cxd5 b5 10. Bxb5 Nxe4 11. Nxe4 Qa5+ 12. Nfd2 Qxb5 13. Nxd6 Re8+ 14. Nxe8 Qxe8+ 15. Qe2 Qxe2+ 16. Kxe2 Ba6+ 17. Kd1 Bb7 18. Re1 Na6 19. Ne4 Bxd5 20. Bg5 Bxb2 21. Rb1 Bd4 22. Nf6+ Bxf6 23. Bxf6 Nb4 24. a3 Nd3 25. Re2 Bxg2 26. Kd2 c4 27. h4 Nc5 28. Rbe1 Ne6 29. Re5 Rc8 30. h5 c3+ 31. Kc1 Kf8 32. hxg6 hxg6 33. R5e3 Nf4 34. Be5 g5 35. Rg1 c2 36. Bd6+ 1-0

[Event "CAN-ch playoff-2"]
[Site "Brantford CAN"]
[Date "2001.08.13"]
[Round "1"]
[White "Lesiege, Alexandre"]
[Black "Spraggett, Kevin"]
[Result "1-0"]
[WhiteElo "2564"]
[BlackElo "2531"]
[WhiteFideId "-1"]
[WhiteFideId "-1"]
[PlyCount "133"]
[GameId "2160767911547039"]
[EventDate "2001.08.13"]
[EventType "match"]
[EventRounds "4"]
[EventCountry "CAN"]
[SourceTitle "The Week in Chess 358"]
[Source "Mark Crowther"]
[SourceDate "2001.09.17"]
[SourceVersion "1"]
[SourceVersionDate "2001.09.17"]
[SourceQuality "2"]

1. d4 d5 2. c4 e6 3. Nc3 Be7 4. Nf3 Nf6 5. Bf4 O-O 6. e3 c5 7. dxc5 Bxc5 8. cxd5 Nxd5 9. Nxd5 exd5 10. a3 Nc6 11. Bd3 Qe7 12. O-O Bg4 13. h3 Bxf3 14. Qxf3 Rad8 15. Rac1 Bd6 16. Bb5 Bxf4 17. Qxf4 Ne5 18. Rfd1 a6 19. Be2 Rd6 20. Rc5 Rfd8 21. Qf5 g6 22. Qf4 R6d7 23. b4 f6 24. h4 h5 25. g3 Kg7 26. Kg2 Qe6 27. Bf3 Kh7 28. Qd4 Nc6 29. Qd3 Ne5 30. Qc2 Kg7 31. Rd4 Nc6 32. Rf4 Ne5 33. Qc3 Rd6 34. Rc7+ R6d7 35. Rd4 Nxf3 36. Kxf3 Rxc7 37. Qxc7+ Rd7 38. Qc2 Kf7 39. Kg2 f5 40. Qc5 Kg7 41. Qc8 Qe7 42. Qc3 Kh7 43. Qc5 Qe6 44. a4 Kg7 45. b5 axb5 46. axb5 Kf7 47. Ra4 Qe7 48. Qc3 Qf6 49. Qb4 Qe7 50. Qf4 Qd6 51. Qh6 Qf8 52. Qxf8+ Kxf8 53. Kf3 Ke7 54. Kf4 Kd6 55. Kg5 Kc5 56. Kxg6 Kxb5 57. Rd4 Kc5 58. Kxh5 b5 59. Kg6 b4 60. h5 b3 61. h6 Rd8 62. h7 b2 63. Rd1 Kc4 64. Kxf5 Kc3 65. g4 Kc2 66. Rh1 Rh8 67. Kg6 1-0

[Event "CAN-ch playoff-2"]
[Site "Brantford CAN"]
[Date "2001.08.14"]
[Round "2"]
[White "Spraggett, Kevin"]
[Black "Lesiege, Alexandre"]
[Result "1/2-1/2"]
[WhiteElo "2531"]
[BlackElo "2564"]
[WhiteFideId "-1"]
[WhiteFideId "-1"]
[PlyCount "72"]
[GameId "2160767911547040"]
[EventDate "2001.08.13"]
[EventType "match"]
[EventRounds "4"]
[EventCountry "CAN"]
[SourceTitle "The Week in Chess 358"]
[Source "Mark Crowther"]
[SourceDate "2001.09.17"]
[SourceVersion "1"]
[SourceVersionDate "2001.09.17"]
[SourceQuality "2"]

1. e4 c6 2. c4 d5 3. exd5 cxd5 4. cxd5 Nf6 5. Nc3 Nxd5 6. Nf3 e6 7. Bc4 Be7 8. O-O O-O 9. d4 Nc6 10. Re1 a6 11. a4 Ncb4 12. Ne5 b6 13. Nxd5 exd5 14. Bb3 Be6 15. Bd2 Rc8 16. Bc3 Nc6 17. Nxc6 Rxc6 18. Qd3 a5 19. Re3 Bf6 20. Rae1 g6 21. Qb5 Rd6 22. g3 Qd7 23. Qxd7 Bxd7 24. h4 h5 25. Kg2 Rc8 26. f3 Kf8 27. Rd1 Re6 28. Rxe6 Bxe6 29. Re1 Rd8 30. Kf2 Ke7 31. Rd1 Kd6 32. Rd3 Bf5 33. Rd1 Re8 34. Re1 Rxe1 35. Kxe1 Bg7 36. Ke2 Bc8 1/2-1/2

[Event "CAN-ch playoff-2"]
[Site "Brantford CAN"]
[Date "2001.08.15"]
[Round "3"]
[White "Lesiege, Alexandre"]
[Black "Spraggett, Kevin"]
[Result "1-0"]
[WhiteElo "2564"]
[BlackElo "2531"]
[WhiteFideId "-1"]
[WhiteFideId "-1"]
[PlyCount "67"]
[GameId "2160767911547041"]
[EventDate "2001.08.13"]
[EventType "match"]
[EventRounds "4"]
[EventCountry "CAN"]
[SourceTitle "The Week in Chess 358"]
[Source "Mark Crowther"]
[SourceDate "2001.09.17"]
[SourceVersion "1"]
[SourceVersionDate "2001.09.17"]
[SourceQuality "2"]

1. d4 Nf6 2. c4 e6 3. Nc3 Bb4 4. e3 O-O 5. Bd3 d5 6. Nf3 c5 7. O-O Nc6 8. a3 Bxc3 9. bxc3 Qc7 10. cxd5 exd5 11. Nh4 Qa5 12. Bd2 Ne4 13. Be1 c4 14. Bc2 Qd8 15. g3 Bh3 16. Ng2 f5 17. f3 Nd6 18. Bd2 Qd7 19. Kh1 Rae8 20. Rg1 Bxg2+ 21. Rxg2 Re6 22. Qg1 g6 23. Rf1 Ref6 24. Bd1 Na5 25. g4 fxg4 26. Rxg4 Nb3 27. Be1 Nc1 28. Bh4 Re6 29. e4 Nd3 30. exd5 Ree8 31. Rxg6+ hxg6 32. Qxg6+ Kh8 33. Rg1 Nf5 34. Qh5+ 1-0

[Event "Montreal int."]
[Site "Montreal CAN"]
[Date "2001.08.02"]
[Round "1"]
[White "Goldenberg, Danny"]
[Black "Lesiege, Alexandre"]
[Result "0-1"]
[WhiteElo "2343"]
[BlackElo "2564"]
[WhiteFideId "-1"]
[WhiteFideId "-1"]
[PlyCount "68"]
[GameId "2160767911555323"]
[EventDate "2001.08.02"]
[EventType "tourn"]
[EventRounds "11"]
[EventCountry "CAN"]
[EventCategory "9"]
[SourceTitle "CBM 085"]
[Source "ChessBase"]
[SourceDate "2001.11.13"]
[SourceVersion "1"]
[SourceVersionDate "2001.11.13"]
[SourceQuality "1"]

1. e4 c5 2. Nf3 d6 3. d4 cxd4 4. Nxd4 Nf6 5. Nc3 a6 6. Bg5 e6 7. Qd3 Be7 8. O-O-O Nbd7 9. f4 h6 10. Bh4 g5 11. fxg5 Ne5 12. Qd2 Nfd7 13. Nf3 hxg5 14. Bg3 Qa5 15. Qd4 b5 16. Nxe5 dxe5 17. Qd2 b4 18. Nb1 Qxa2 19. Be2 Ra7 20. Bxe5 Nxe5 21. Qd4 Qa5 22. Qxa7 Bc5 23. Qb8 Be3+ 24. Rd2 O-O 25. c3 bxc3 26. Nxc3 Bd7 27. Qd6 Qa1+ 28. Kc2 Qxh1 29. Qxe5 Bxd2 30. Kxd2 Qxg2 31. Kc1 Bb5 32. Nxb5 axb5 33. Qxb5 Qg1+ 34. Bf1 Qe3+ 0-1

[Event "Montreal int."]
[Site "Montreal CAN"]
[Date "2001.08.03"]
[Round "2"]
[White "Lesiege, Alexandre"]
[Black "Zugic, Igor"]
[Result "1-0"]
[WhiteElo "2564"]
[BlackElo "2440"]
[WhiteFideId "-1"]
[WhiteFideId "-1"]
[PlyCount "41"]
[GameId "2160767911555332"]
[EventDate "2001.08.02"]
[EventType "tourn"]
[EventRounds "11"]
[EventCountry "CAN"]
[EventCategory "9"]
[SourceTitle "CBM 085"]
[Source "ChessBase"]
[SourceDate "2001.11.13"]
[SourceVersion "1"]
[SourceVersionDate "2001.11.13"]
[SourceQuality "1"]

1. c4 e5 2. Nc3 Nf6 3. Nf3 Nc6 4. g3 Bb4 5. Bg2 O-O 6. O-O e4 7. Ng5 Bxc3 8. bxc3 Re8 9. f3 exf3 10. Nxf3 d5 11. d4 Ne4 12. Qc2 dxc4 13. Rb1 f5 14. g4 fxg4 15. Ne5 Nxe5 16. Bxe4 Ng6 17. Bxg6 hxg6 18. Qxg6 Qe7 19. Rb5 Qe6 20. Qh5 g6 21. Qh6 1-0